Ecology, climate and empire : (Record no. 67765)

MARC details
000 -LEADER
fixed length control field 00492nam a22001457a 4500
005 - DATE AND TIME OF LATEST TRANSACTION
control field 20180531125551.0
020 ## - INTERNATIONAL STANDARD BOOK NUMBER
International Standard Book Number 0195644182
Terms of availability 00
035 ## - SYSTEM CONTROL NUMBER
System control number A-936242, A-936244
037 ## - SOURCE OF ACQUISITION
Stock number DPL
Source of stock number/acquisition ENG
100 ## - MAIN ENTRY--PERSONAL NAME
Personal name Grove, Richard H.
245 ## - TITLE STATEMENT
Title Ecology, climate and empire :
Remainder of title The Indian legacy in global environmental history 1400-1940 /
Statement of responsibility, etc by Richard H. Grove
260 ## - PUBLICATION, DISTRIBUTION, ETC. (IMPRINT)
Place of publication, distribution, etc Delhi
Name of publisher, distributor, etc Oxford University Press
Date of publication, distribution, etc 1998
300 ## - PHYSICAL DESCRIPTION
Extent ix, 237p.
Dimensions 20 cms.
942 ## - ADDED ENTRY ELEMENTS (KOHA)
Source of classification or shelving scheme Dewey Decimal Classification
Item type English Books
Classification part 363.7099024
Call number suffix GRO
Holdings
Withdrawn status Lost status Not for loan Collection code Home library Current library Date acquired Cost, normal purchase price Full call number Barcode Cost, replacement price Koha item type Source of acquisition
      Non-fiction Sarojini Nagar Sarojini Nagar 09/06/2012 0.00 363.7099024 GRO A-936242 0.00 English Books  
      Non-fiction Shahdara Branch Shahdara Branch 31/05/2018 0.00 363.7099024 GRO A-936244 0.00 English Books BPPD/PUB

© Delhi Public Library
Hit Counter
free hit counter